<?xml version="1.0" encoding="UTF-8"?>
<marc:record xmlns:marc="http://www.loc.gov/MARC21/slim">
   <marc:leader>00000nam a2200000 a 4500</marc:leader>
   <marc:datafield ind1="1" ind2=" " tag="100">
      <marc:subfield code="a">Kling, Marc-Uwe</marc:subfield>
      <marc:subfield code="4">aut</marc:subfield>
      <marc:subfield code="e">Verfasser/-in</marc:subfield>
   </marc:datafield>
   <marc:datafield ind1="1" ind2=" " tag="100">
      <marc:subfield code="a">Henn, Astrid</marc:subfield>
   </marc:datafield>
   <marc:datafield ind1="0" ind2="0" tag="245">
      <marc:subfield code="a">Der Tag, an dem Max dreimal ins Auto gekotzt hat</marc:subfield>
   </marc:datafield>
   <marc:datafield ind1="0" ind2="0" tag="245">
      <marc:subfield code="c">Marc-Uwe Kling ; mit Illustrationen von Astrid Henn</marc:subfield>
   </marc:datafield>
   <marc:datafield ind1=" " ind2="1" tag="264">
      <marc:subfield code="a">Hamburg</marc:subfield>
      <marc:subfield code="b">Carlsen</marc:subfield>
      <marc:subfield code="c">2025</marc:subfield>
   </marc:datafield>
   <marc:datafield ind1="1" ind2=" " tag="520">
      <marc:subfield code="a">Quelle: bn.bibliotheksnachrichten (http://www.biblio.at/literatur/bn/index.html); #Autor: Angela Zemanek-Hackl; #Chaosfahrt zur vierten Hochzeit von Tante Ilse  und Max gehts richtig übel! (ab 7) (JE)#Die Reise zur vierten Hochzeit von Tante Ilse beginnt schon im Chaos: Oma sucht ihr Handy, Mama packt für alle, Papa will unbedingt mit dem Auto fahren und Opa lieber mit dem Zug. Max allerdings ist alles andere als reisefit  ihm ist speiübel. Kaum sitzen alle im Auto, nimmt das Unheil seinen Lauf: Max Magen rebelliert, die Familie muss umdrehen, Max bekommt frische Kleidung  und Papas Mütze als Notfalllösung, die ebenfalls nicht lange sauber bleibt. Doch damit war es das noch nicht ...#Trotz aller Missgeschicke schaffen es schließlich alle rechtzeitig nach Wuppertal  wo eine Überraschung wartet und nochmal alle Pläne über Bord geworfen werden.#Wie schon in »Der Tag, als Oma das Internet kaputt gemacht hat« überzeugt diese herrlich chaotische Familiengeschichte durch viel Humor, Situationskomik und pointierte Dialoge. Ein wunderbar turbulentes Vorlesevergnügen über Familienzusammenhalt, Pechsträhnen und die Kunst, gemeinsam zu lachen  unbedingt lesen!</marc:subfield>
   </marc:datafield>
   <marc:datafield ind1=" " ind2=" " tag="020">
      <marc:subfield code="a">9783551523198</marc:subfield>
      <marc:subfield code="9">9783551523198</marc:subfield>
   </marc:datafield>
   <marc:datafield ind1=" " ind2=" " tag="041">
      <marc:subfield code="a">ger</marc:subfield>
   </marc:datafield>
   <marc:datafield ind1=" " ind2=" " tag="300">
      <marc:subfield code="a">60 Seiten</marc:subfield>
   </marc:datafield>
</marc:record>
